| 000 | 00369nam a2200169Ia 4500 | ||
|---|---|---|---|
| 100 | _aShreiner/Dave/ Woo/Mason | ||
| 650 | _aComputers | ||
| 250 | _a4 | ||
| 942 | _cBK | ||
| 366 | _f15 | ||
| 654 | _aOpen GL | ||
| 245 | _aOpen GL Programming guide | ||
| 260 |
_bPearson Education _aMumbai _c2004 |
||
| 082 |
_a006.6/SHR _bSHR |
||
| 300 | _a759 | ||
| 546 | _aENGLISH | ||
| 999 |
_c19326 _d19326 |
||